The Indian in the cupboard : (Record no. 104230)
[ view plain ]
| 000 -LEADER | |
|---|---|
| fixed length control field | 00886nam a2200181 a 4500 |
| 005 - DATE AND TIME OF LATEST TRANSACTION | |
| control field | 20140412111316.0 |
| 008 - FIXED-LENGTH DATA ELEMENTS--GENERAL INFORMATION | |
| fixed length control field | 010309s19uu xx 00 eng d |
| 020 ## - INTERNATIONAL STANDARD BOOK NUMBER | |
| International Standard Book Number | 0-590-50983-7 |
| 050 ## - LIBRARY OF CONGRESS CALL NUMBER | |
| Classification number | ER |
| Item number | In1 1995 |
| 100 ## - MAIN ENTRY--PERSONAL NAME | |
| Personal name | Krulik, Nancy E. |
| 245 ## - TITLE STATEMENT | |
| Title | The Indian in the cupboard : |
| Remainder of title | Omri's scrapbook / |
| Statement of responsibility, etc | adapted by Nancy E. Krulik. |
| 260 ## - PUBLICATION, DISTRIBUTION, ETC. (IMPRINT) | |
| Place of publication, distribution, etc | New York : |
| Name of publisher, distributor, etc | Paramount Picture/Scholastic Inc, |
| Date of publication, distribution, etc | 1995. |
| 300 ## - PHYSICAL DESCRIPTION | |
| Extent | 28 p. ; ill. |
| 520 ## - SUMMARY, ETC. | |
| Summary, etc | My name is Omri, and this scrapbook tells all about the most amazing thing that's ever happened to me. For my birthday, my friend Patrick gave me a plastic Indian figure and my brother gave me an old cupboard. When I put the plastic figure into the cupboard, the figure came alive! When you see the pictures you won't believe it . . . I still can't! |
| 650 ## - SUBJECT ADDED ENTRY--TOPICAL TERM | |
| Topical term or geographic name as entry element | Indian stories -- Fiction |
| 650 ## - SUBJECT ADDED ENTRY--TOPICAL TERM | |
| Topical term or geographic name as entry element | Toys - Fiction |
| Withdrawn status | Lost status | Damaged status | Use restrictions | Home library | Current library | Shelving location | Date acquired | Source of acquisition | Total Checkouts | Full call number | Barcode | Date last seen | Price effective from | Koha item type |
|---|---|---|---|---|---|---|---|---|---|---|---|---|---|---|
| Elizalde Library | Elizalde Library | Easy Reading Section | 03/09/2001 | ER In1 1995 | E7066 | 04/12/2014 | 04/12/2014 | Books |